01629cam a2200325 i 450000100090000000300060000900500170001500800410003201000170007302000270009002000290011704000280014604200080017405000220018208200190020410000270022324501040025026400780035430000400043233600260047233700280049833800270052650400590055352004080061265000230102065000300104365000380107370000420111177601500115321960473GBCCL20241126110730.0210326s2021 ilua b 000 0 eng  a 2021013715 a9780830831722q(print) z9780830831739q(digital) aDLCbengerdacDLCdDLC apcc00aBV3790b.M66 202100a269.2223bMOO1 aMoon, W. Jay,eauthor.10aEffective intercultural evangelism :bgood news in a diverse world /cW. Jay Moon and W. Bud Simon. 1aDowners Grove, Illinois :bIVP, an imprint of InterVarsity Press,c[2021] a216 pages :billustrations ;c22 cm atextbtxt2rdacontent aunmediatedbn2rdamedia avolumebnc2rdacarrier aIncludes bibliographical references (pages [205]-216). a"We live in a multicultural society, but many Christians hesitate to engage those of other faiths about Christianity. Exploring evangelism from the perspective of four major worldviews, Jay Moon and Bud Simon unpack the intercultural dynamics at hand when sharing the gospel across cultures, offering contextual evangelism approaches that are relevant, biblical, and practical"--cProvided by publisher. 0aEvangelistic work. 0aChristianity and culture. 0aChristianity and other religions.1 aSimon, W. Budq(Walter Bud),eauthor.08iOnline version:aMoon, W. Jay.tEffective intercultural evangelismdDowners Grove, IL : InterVarsity Press, 2021z9780830831739w(DLC) 2021013716